| 000 | 00414nam a2200157 a 4500 | ||
|---|---|---|---|
| 005 | 20140310183321.0 | ||
| 008 | 060306s19uu xx 00 eng d | ||
| 020 | _a0440206154 | ||
| 050 |
_aPS 3558.A6558 _b.H313 1990 |
||
| 100 | _aHarris, Thomas | ||
| 245 |
_aRed dragon / _cThomas Harris. |
||
| 260 |
_aNew York : _bDell Publishing, _c1990. |
||
| 300 |
_a354 p. : _c18 cm. |
||
| 942 |
_cBK _2lcc |
||
| 999 |
_c21398 _d21398 |
||